000 00711cam a22002053a 4500
001 45909
003 PGUSA
005 20140828084053.0
008 140607s2014||||xxu|||||s|||||000 | eng d
040 _aPGUSA
_beng
042 _adc
100 1 _aSilloway, Thomas W.
245 1 4 _aThe Cathedral Towns and Intervening Places of England, Ireland and Scotland :
_b: A Description of Cities, Cathedrals, Lakes, Mountains, Ruins, and Watering-places.
_h[electronic resource] /
_cThomas W. Silloway
260 _bProject Gutenberg,
_c2014
506 _aPublic domain in the USA.
516 _aElectronic text
830 0 _aProject Gutenberg
_v45909
856 4 0 _uhttp://www.gutenberg.org/ebooks/45909
942 _cEB
999 _c275159
_d275159